Guide to post-earthquake investigation of lifelines / (Record no. 549961)
[ view plain ]
| 000 -LEADER | |
|---|---|
| fixed length control field | 01058cam a2200229 a 4500 |
| 020 ## - INTERNATIONAL STANDARD BOOK NUMBER | |
| International Standard Book Number | 0872628442 (pbk.) |
| 082 00 - DEWEY DECIMAL CLASSIFICATION NUMBER | |
| Classification number | 624.1762 |
| Author Mark | AME |
| -- | L-39, P-188 |
| 110 2# - MAIN ENTRY--CORPORATE NAME | |
| Corporate name or jurisdiction name as entry element | American Society of Civil Engineers. |
| 9 (RLIN) | 702 |
| 245 10 - TITLE STATEMENT | |
| Title | Guide to post-earthquake investigation of lifelines / |
| Statement of responsibility, etc. | by the Earthquake Investigations Committee of the Technical Council on Lifeline Earthquake Engineering of the American Society of Civil Engineers ; edited by Anshel J. Schiff. |
| 260 ## - PUBLICATION, DISTRIBUTION, ETC. | |
| Place of publication, distribution, etc. | New York, N.Y. : |
| Name of publisher, distributor, etc. | American Society of Civil Engineers, |
| Date of publication, distribution, etc. | c1991. |
| 300 ## - PHYSICAL DESCRIPTION | |
| Extent | 267 p. : |
| Other physical details | ill. ; |
| Dimensions | 22 cm. |
| 490 1# - SERIES STATEMENT | |
| Series statement | Technical Council on Lifeline Earthquake Engineering monograph ; |
| 500 ## - GENERAL NOTE | |
| General note | "August, 1991." |
| 526 ## - STUDY PROGRAM INFORMATION NOTE | |
| Program name | 0 |
| Interest level | 0 |
| Reading level | 0 |
| Title point value | 624_176200000000000_AME |
| 650 #0 - SUBJECT ADDED ENTRY--TOPICAL TERM | |
| Topical term or geographic name entry element | Lifeline earthquake engineering. |
| 9 (RLIN) | 46693 |
| 650 #0 - SUBJECT ADDED ENTRY--TOPICAL TERM | |
| Topical term or geographic name entry element | MCE |
| 9 (RLIN) | 379 |
| 650 #0 - SUBJECT ADDED ENTRY--TOPICAL TERM | |
| Topical term or geographic name entry element | Public utilities |
| General subdivision | Earthquake effects.. |
| 9 (RLIN) | 46694 |
| 650 #0 - SUBJECT ADDED ENTRY--TOPICAL TERM | |
| Topical term or geographic name entry element | Transportation |
| General subdivision | Earthquake effects. |
| 9 (RLIN) | 46695 |
| 650 #0 - SUBJECT ADDED ENTRY--TOPICAL TERM | |
| Topical term or geographic name entry element | Underground utility lines |
| General subdivision | Earthquake effects. |
| 9 (RLIN) | 46696 |
| 700 1# - ADDED ENTRY--PERSONAL NAME | |
| Personal name | Schiff, Anshel J. |
| 9 (RLIN) | 46697 |
| 942 ## - ADDED ENTRY ELEMENTS (KOHA) | |
| Source of classification or shelving scheme | |
| Koha item type | Book |
| Withdrawn status | Lost status | Source of classification or shelving scheme | Damaged status | Not for loan | Permanent Location | Current Location | Date acquired | Total Checkouts | Full call number | Barcode | Date last seen | Price effective from | Koha item type |
|---|---|---|---|---|---|---|---|---|---|---|---|---|---|
| Military College of Engineering (MCE) | Military College of Engineering (MCE) | 10/17/2014 | 624.1762 AME | MCE-43503 | 10/17/2014 | 10/17/2014 | Book |
